THE LIMITS OF CORPORATE POWER: (Record no. 1255)

MARC details
000 -LEADER
fixed length control field 00369nam a22001097a 4500
008 - FIXED-LENGTH DATA ELEMENTS--GENERAL INFORMATION
fixed length control field 150827b xxu||||| |||| 00| 0 eng d
020 ## - INTERNATIONAL STANDARD BOOK NUMBER
International Standard Book Number 0 0 2 9214904
082 ## -
Classification number 658.4 MIL
100 ## - MAIN ENTRY--PERSONAL NAME
Personal name MILLSTEIN, IRA M.
245 ## - TITLE STATEMENT
Title THE LIMITS OF CORPORATE POWER:
Remainder of title EXISTING CONSTRAINTS ON THE EXERCISE OF CORPORATE DISCRETION
260 ## - PUBLICATION, DISTRIBUTION, ETC. (IMPRINT)
Place of publication, distribution, etc. NEW YORK
Name of publisher, distributor, etc. MACMILLAN PUBLISHING CO.,INC
Date of publication, distribution, etc. 1981

No items available.

IRDP © 2021 :: Managed by ICT Team